000 00296nam a22001337a 4500
008 171024b xxu||||| |||| 00| 0 eng d
020 _a9780130847300
041 _aeng
080 _28TH
_a311
100 _a55
101 _aSTA
245 _aBUSINESS MATHEMATICS
_cROUECHE,N.W
942 _2udc
_cBK
999 _c35769
_d35769